| 000 -LEADER | |
|---|---|
| fixed length control field | 00443nam a22001577a 4500 |
| 005 - DATE AND TIME OF LATEST TRANSACTION | |
| control field | 20230118104054.0 |
| 008 - FIXED-LENGTH DATA ELEMENTS--GENERAL INFORMATION | |
| fixed length control field | 210218b ||||| |||| 00| 0 eng d |
| 020 ## - INTERNATIONAL STANDARD BOOK NUMBER | |
| ISBN | 978-93-5142-088-0 |
| 041 ## - LANGUAGE CODE | |
| Language code of text/sound track or separate title | eng |
| 100 ## - MAIN ENTRY--AUTHOR NAME | |
| Personal name | CHATWAL, GURDEEP. R AND ANAND , SHAM K. |
| 245 ## - TITLE STATEMENT | |
| Title | INSTRUMENTAL METHOD OF CHEMICAL ANALYSIS |
| 260 ## - PUBLICATION, DISTRIBUTION, ETC. (IMPRINT) | |
| Place of publication | MUMBAI |
| Name of publisher | HIMALAYA PUBLISHING HOUSE |
| 300 ## - PHYSICAL DESCRIPTION | |
| Number of Pages | 2780,P |
| 650 ## - SUBJECT ADDED ENTRY--TOPICAL TERM | |
| Topical Term | PHARMACY |
| General subdivision | D.PHARMA |
| 942 ## - ADDED ENTRY ELEMENTS (KOHA) | |
| Koha item type | Books |
| Lost status | Damaged status | Collection code | Home library | Current library | Shelving location | Date acquired | Source of acquisition | Cost, normal purchase price | Accession Number | Koha item type |
|---|---|---|---|---|---|---|---|---|---|---|
| PHARMACY | JRU Library | JRU Library | Shelf - 21- H | 18/02/2021 | PURCHES / LBI - 1710 / 11-2-21 | 675.00 | 25475 | Books | ||
| PHARMACY | JRU Library | JRU Library | Shelf - 21- H | 18/02/2021 | PURCHES / LBI - 1710 / 11-2-21 | 675.00 | 25476 | Books | ||
| Reference | JRU Library | JRU Library | SHELF-5-B | 18/02/2021 | PURCHES / LBI - 1710 / 11-2-21 | 675.00 | 25477 | Books | ||
| PHARMACY | JRU Library | JRU Library | Shelf - 21- H | 18/02/2021 | PURCHES / LBI - 1710 / 11-2-21 | 675.00 | 25478 | Books | ||
| PHARMACY | JRU Library | JRU Library | Shelf - 21- H | 18/02/2021 | PURCHES / LBI - 1710 / 11-2-21 | 675.00 | 25479 | Books | ||
| PHARMACY | JRU Library | JRU Library | Shelf - 21- H | 18/02/2021 | PURCHES / LBI - 1710 / 11-2-21 | 675.00 | 25480 | Books | ||
| PHARMACY | JRU Library | JRU Library | Shelf - 21- H | 18/02/2021 | PURCHES / LBI - 1710 / 11-2-21 | 675.00 | 25481 | Books | ||
| PHARMACY | JRU Library | JRU Library | Shelf - 21- H | 18/02/2021 | PURCHES / LBI - 1710 / 11-2-21 | 675.00 | 25482 | Books |